00925nam a2200217Ia 4500003000900000005001700009008004100026040003100067040001300098041000800111100002200119100000900141245005800150250000800208260003600216300001100252300001200263490002300275490000600298520040300304IT-RoPAU20220918175651.0120407s9999 xx 000 0 und d aIT-RoPAUc20130205112713.0 cIT-RoPAU aita aChiesa, Francesco ccan. aUn gran segreto di salute. bLa contrizione perfetta. aIII aPescarabEdizioni Paolinec1963 a105 p. c16,5 cm aUt innotescat, 41 vI aIndice Prefazione Il più gran male dei mali, e il suo rimedio La confessione sacramentale è l'unico mezzo per ottenere il perdono dei peccati? Che cos'é la contriziione perfetta Effetti della contrizione perfetta Mezzi per avere la contrizione perfetta Difficoltà ed obiezioni Il perchè della grande importanza dell'atto di contrizione perfetta e conclusioni pratiche